000 00669nam a2200205 a 4500
005 20140310183403.0
008 121010s19uu xx 00 eng d
020 _a9781441154712
050 _aLB 1725.G6
_b.H35 2008
100 _aHeilbronn, Ruth
245 _aTeacher education and the development of practical judgement /
_cRuth Heilbronn.
260 _aLondon, UK :
_bContinuum,
_c2008.
300 _axii, 244 p. :
_c24 cm.
440 _aContinuum studies in education
500 _aIncludes bibliographical references (p. [208]-233) and index.
521 _aEDU
650 _aTeachers
_xTraining of
_xGreat Britain
942 _cBK
_2lcc
_kFOR
999 _c22359
_d22359